| 000 | 00352nam a2200133Ia 4500 | ||
|---|---|---|---|
| 008 | 220217s9999||||xx |||||||||||||| ||und|| | ||
| 020 | _a0-13-527631-4 | ||
| 082 | _a004 GRO | ||
| 100 |
_aGrochow, Gerrold, M _93103 |
||
| 245 | 0 | _aInformation overload | |
| 260 |
_aYourdon press _bNew Jersey _c1997 |
||
| 300 | _b1497 | ||
| 650 | _aCOMPUTER SCIENCE | ||
| 999 |
_c170832 _d170832 |
||